| 000 | 00729cam a2200229 a 4500 | ||
|---|---|---|---|
| 001 | 000018701 | ||
| 003 | UkOxU | ||
| 005 | 20200929165836.0 | ||
| 008 | 860101s1970 ve 000 0 spa d | ||
| 040 |
_aDO-SdBNP _bspa _cLC _dBNPHU |
||
| 090 |
_aPQ8549.M27 _bT5 1970 |
||
| 082 |
_aD0503862847 _bM244t |
||
| 100 | 1 |
_aMaldonado, Samuel Darío, _d1870-1925. _940366 |
|
| 245 | 1 | 0 |
_aTierra nuestra / _cPrólogo Pedro P. Barnola. |
| 260 |
_aCaracas : _bPresidencia de la República, _c1970. |
||
| 300 |
_a503 p. ; _c24 cm. |
||
| 490 | 1 | _aObras de Samuel Dario Maldonado | |
| 700 | 1 |
_aBarnola, Pedro Pablo, _epról. _940367 |
|
| 830 | 0 |
_aObras de Samuel Dario Maldonado _940368 |
|
| 910 | _aCatalogación derivada / LC | ||
| 049 | _aBNGR | ||
| 999 |
_c18221 _d18221 |
||